<?xml version="1.0" encoding="UTF-8"?><?xml-stylesheet type="text/xsl" href="static/style.xsl"?><OAI-PMH xmlns="http://www.openarchives.org/OAI/2.0/" xmlns:xsi="http://www.w3.org/2001/XMLSchema-instance" xsi:schemaLocation="http://www.openarchives.org/OAI/2.0/ http://www.openarchives.org/OAI/2.0/OAI-PMH.xsd"><responseDate>2026-06-02T15:21:56Z</responseDate><request verb="GetRecord" identifier="oai:riuma.uma.es:10630/32574" metadataPrefix="marc">https://riuma.uma.es/rest/oai/request</request><GetRecord><record><header><identifier>oai:riuma.uma.es:10630/32574</identifier><datestamp>2026-02-03T11:38:25Z</datestamp><setSpec>com_10630_2254</setSpec><setSpec>col_10630_37956</setSpec></header><metadata><record xmlns="http://www.loc.gov/MARC21/slim" xmlns:dcterms="http://purl.org/dc/terms/" xmlns:doc="http://www.lyncode.com/xoai" xmlns:xsi="http://www.w3.org/2001/XMLSchema-instance" xsi:schemaLocation="http://www.loc.gov/MARC21/slim http://www.loc.gov/standards/marcxml/schema/MARC21slim.xsd">
   <leader>00925njm 22002777a 4500</leader>
   <datafield ind2=" " ind1=" " tag="042">
      <subfield code="a">dc</subfield>
   </datafield>
   <datafield ind2=" " ind1=" " tag="720">
      <subfield code="a">Garrote-Bernal, Gaspar</subfield>
      <subfield code="e">author</subfield>
   </datafield>
   <datafield ind2=" " ind1=" " tag="260">
      <subfield code="c">2012</subfield>
   </datafield>
   <datafield ind2=" " ind1=" " tag="520">
      <subfield code="a">Al indagar sin prejuicios en las tradiciones en que se insertaron, este libro propone lecturas radicalmente innovadoras del "Diálogo entre el autor y su pluma", de Cristóbal de Castillejo, las "Canciones" ("Cántico espiritual") de Juan de la Cruz y la "Fábula de Equis y Zeda", de Gerardo Diego. El poema de Castillejo se revela como gigantesco chiste generado desde la poética de ingenio conceptista que, codificando en doble sentido, disponía un argumento sexual latente, que coincide con el preliminar de "La pícara Justina". En línea con el cristianismo órfico, fray Juan glosa y deconstruye el libro X y otros pasajes de las "Metamorfosis" de Ovidio, la biblia de los poetas de su tiempo. Y la "Fábula" creacionista de Diego, lejos de ser indescifrable, resulta una versión cubista de la "Fábula de Leandro y Hero", del postgongorino Gabriel Bocángel.</subfield>
   </datafield>
   <datafield ind1="8" ind2=" " tag="024">
      <subfield code="a">978-84-15274-70-4</subfield>
   </datafield>
   <datafield ind1="8" ind2=" " tag="024">
      <subfield code="a">https://hdl.handle.net/10630/32574</subfield>
   </datafield>
   <datafield tag="653" ind2=" " ind1=" ">
      <subfield code="a">Poesía española - S.XVI-XVII</subfield>
   </datafield>
   <datafield tag="653" ind2=" " ind1=" ">
      <subfield code="a">Castillejo, Cristóbal de 1494-1550 - Crítica e interpretación</subfield>
   </datafield>
   <datafield tag="653" ind2=" " ind1=" ">
      <subfield code="a">Juan de la Cruz, Santo 1542-1591 - Crítica e interpretación</subfield>
   </datafield>
   <datafield tag="653" ind2=" " ind1=" ">
      <subfield code="a">Diego, Gerardo 1896-1987 - Crítica e interpretación</subfield>
   </datafield>
   <datafield ind2="0" ind1="0" tag="245">
      <subfield code="a">Tres poemas a nueva luz. Sentidos emergentes en Cristóbal de Castillejo, Juan de la Cruz y Gerardo Diego.</subfield>
   </datafield>
</record>
</metadata></record></GetRecord></OAI-PMH>